00414nam a2200133Ia 4500008004100000082001500041100000900056245005700065250000600122260003000128300000800158630005700166730005700223100122s9999 xx 000 0 und d b34760a238 aPAUL aTHE HOLY GOSPEL : of Our Lord & Saviour Jesus Christ a0 bST PAUL PUBLICATIONc1943 a471 aTHE HOLY GOSPEL : of Our Lord & Saviour Jesus Christ aTHE HOLY GOSPEL : of Our Lord & Saviour Jesus Christ